| 000 | 00348 a2200145 4500 | ||
|---|---|---|---|
| 001 | 48777 | ||
| 040 | _cAnchieta - Bela Vista | ||
| 240 | 1 | 0 |
_aCachinhos dourados e os três ursos _lpor |
| 245 | 1 | 0 | _aCachinhos dourados e os três ursos |
| 300 | _a16 | ||
| 362 | 0 | _a2013 | |
| 440 | 1 | _aCiranda Cultural | |
| 650 | 4 | _aLiteratura infantil | |
| 942 | _cBK | ||
| 999 |
_c48777 _d48777 |
||